|
|
|
|
| LEADER |
01437nam a2200313 a 4500 |
| 001 |
c000182657 |
| 003 |
CARM |
| 005 |
20050426123531.0 |
| 008 |
880211s1987 xnae s000 0 eng d |
| 019 |
1 |
|
|a 5695041
|5 LACONCORD2021
|
| 020 |
|
|
|a 0730506649 :
|c price unknown
|
| 020 |
|
|
|a 0730506649
|
| 035 |
|
|
|a (OCoLC)27560936
|5 LACONCORD2021
|
| 040 |
|
|
|a ANB
|b eng
|c ANB
|d NSL:D
|
| 042 |
|
|
|a anuc
|
| 043 |
|
|
|a u-at-ne
|
| 082 |
0 |
4 |
|a 381/.18/099441
|2 19
|
| 245 |
0 |
3 |
|a An Inquiry pursuant to Section 119 of the Environmental Planning and Assessment Act 1979 concerning a development application for the Paddington retail markets /
|c John Woodward, Chairman.
|
| 260 |
|
|
|a [Sydney :
|b Dept. of Environment and Planning],
|c 1987.
|
| 300 |
|
|
|a 67 p. (one folded) :
|b plans ;
|c 30 cm.
|
| 500 |
|
|
|a Cover title.
|
| 500 |
|
|
|a At head of title: Report to the Honourable Bob Carr, Minister for Planning and Environment and Minister for Heritage.
|
| 650 |
|
0 |
|a Stores, Retail
|x Environmental aspects
|z New South Wales
|z Paddington.
|
| 700 |
1 |
|
|a Woodward, John,
|d 1934-
|
| 710 |
1 |
|
|a New South Wales.
|b Dept. of Environment and Planning.
|
| 740 |
0 |
|
|a Development application for the Paddington retail markets.
|
| 852 |
8 |
|
|b CARM
|h A1:AR34F0
|i D07791
|p 0249872
|f BK
|
| 999 |
f |
f |
|i 766071d4-0fa3-57b0-9fbb-c95c7777e90c
|s 1e477f76-6388-5217-9c59-fe56e9860955
|
| 952 |
f |
f |
|p Can circulate
|a CAVAL
|b CAVAL
|c CAVAL
|d CARM 1 Store
|e D07791
|f A1:AR34F0
|h Other scheme
|i book
|m 0249872
|